| 000 | 00792nam a2200205 a 4500 | ||
|---|---|---|---|
| 003 | MX-MxUPN | ||
| 005 | 20250617063827.0 | ||
| 008 | 991125s1916 mx a r 000 0 spa d | ||
| 035 | _aUPN01000028411 | ||
| 040 |
_aMX-MxUPN _bspa _cMX-MxUPN |
||
| 041 | 1 |
_aspa _hfre |
|
| 050 | 4 |
_aQH15 _bL3.38 |
|
| 100 | 1 |
_aLanglebert, J., _d1820- _933056 |
|
| 245 | 1 | 0 |
_aHistoria natural : _banatomía y fisiología animales, anatomía y fisiología vegetal, geología y paleontología, higiene / _cpor J. Langlebert ; tr. por Antonio de la Cuesta y Sáinz. |
| 260 |
_aMéxico : _bLibrería de la Vda. de C. Bouret, _c1916. |
||
| 300 |
_a685 páginas : _bilustraciones |
||
| 650 | 4 |
_aCiencias naturales _xEstudio y enseñanza _9256 |
|
| 650 | 4 |
_aCiencias naturales _vLibros de texto _910151 |
|
| 942 |
_2lcc _cLIBRO |
||
| 999 |
_c28411 _d28411 |
||